000 00406nam a2200169Ia 4500
001 19928
003 IN-NITTTR
005 20251114233229.0
008 251113s9999||||xx |||||||||||||| ||eng||
040 _beng
040 _cIN-NITTTR
041 _aeng
082 _a374 H732T R
100 _aHolmberg, Borje
245 0 _aTheory and practice of distance education. /
_cHolmberg, Borje
942 _2ddc
_cBK
999 _c22562
_d22562